000 01324 a2200241 4500
003 Nust
005 20221022133257.0
010 _a 2003047903
020 _a9812531122
040 _cNust
082 0 0 _a621.3,BOS
100 1 _aBose, Tamal.
_960594
245 1 0 _aDigital signal and image processing /
_cTamal Bose ; with Francois Meyer contributing Chapter 10 and Mei-Qin Chen contributing the Appendix.
260 _aHoboken, NJ :
_bJ. Wiley,
_cc2004.
300 _axiv, 706 p. :
_bill. ;
_c24 cm.
505 _aFundamental Concepts (Page-1), Fourier Analysis (Page-75), Transform and Digital Filters (Page-160), Filter Design and Implementations (Page-228), MultiMate Signal Processing (Page-319), Finite World length Effects (Page-365), Adaptive Signal Processing (Page-422), Least Squares Adaptive Algorithms(Page-483), Linear Prediction (Page-520), Image Processing Fundamentals (Page-552), Image Compression and Coding (Page-623).
650 0 _aHolography
_xData processing.
_9101163
650 0 _aImage processing
_xDigital techniques.
_9673
650 0 _aSignal processing
_xDigital techniques.
_955548
856 4 2 _3Publisher description
_uhttp://www.loc.gov/catdir/description/wiley041/2003047903.html
856 4 2 _3Table of contents
_uhttp://www.loc.gov/catdir/toc/wiley032/2003047903.html
942 _2ddc
_cBK
999 _c180110
_d180110